00891nam a2200229 i 4500003000400000005001700004008004100021020003900062040002500101082001600126100004100142245003500183264006500218300004700283336002100330337002500351338002300376520015700399650003600556650005000592655001900642OSt20250219112311.0250219s2023 uk a b 000 0 eng d a9781802633566cRM 45.54qpaperback aPPAKbengcPPAKerda04223a616.8951 aSmith, Jodie,eauthor,eillustrator.10aBipolar Blob /cby JODIE SMITH 1aLeicester, United Kingdom :bSweet Cherry Publishing, c2023 a1 volume :bchiefly illustrations ;c25 cm atext2rdacontent aunmediated2rdamedia avolume2rdacarrier aJoin Jodie as she navigates feeling up, down and everything in-between, in this true story of one person's experience of dealing with bipolar every day.10aDepressionvJuvenile literature20aManic-depressive illnessvJuvenile literature aJuvenile works